[Event "Mittelfrankenliga-B1 0708"]
[Site "Mittelfranken"]
[Date "2008.04.13"]
[Round "8.5"]
[White "Schulz, Wilfried"]
[Black "Schloetterer, Hermann"]
[Result "1-0"]
[WhiteElo "1910"]
[BlackElo "1795"]
[PlyCount "73"]
[EventDate "2007.10.14"]
[EventType "team-tourn"]
[EventRounds "9"]
[EventCountry "GER"]
[SourceTitle "EXT 2011"]
[Source "ChessBase"]
[SourceDate "2010.11.26"]
[SourceVersion "1"]
[SourceVersionDate "2010.11.26"]
[SourceQuality "1"]
[WhiteTeam "Zirndorf II"]
[BlackTeam "Nuernberg NT IV"]
[WhiteTeamCountry "GER"]
[BlackTeamCountry "GER"]

1. e4 c5 2. Nc3 Nc6 3. f4 g6 4. Bc4 Bg7 5. Nf3 d6 6. 0-0 Nf6 7. d3 0-0 8. a3 Bg4 9. h3 Bd7 10. Qe1 Nd4 11. Nxd4 cxd4 12. Ne2 b5 13. Bb3 Qb6 14. Qf2 Rac8 15. f5 Kh8 16. Qh4 Nh5 17. fxg6 fxg6 18. Rxf8+ Bxf8 19. Bg5 e5 20. Rf1 d5 21. Bxd5 Be6 22. Bf6+ Bg7 23. Bxg7+ Kxg7 24. Qe7+ Kh6 25. Bxe6 Rc7 26. Qf8+ Ng7 27. Bb3 a5 28. Qf2 Nh5 29. c3 Rc6 30. cxd4 Rf6 31. Qe3+ Nf4 32. Nxf4 exf4 33. Rxf4 Rxf4 34. Qxf4+ Kg7 35. Qf7+ Kh6 36. Qf8+ Kg5 37. Qc5+ 1-0